Negociacin̤ colectiva y empleo pb︢lico

Bibliographic Details
Main Author: Alfonso Mellado, Carlos Luis
Format: eBook
Language:Spanish
Published: Albacete: Editorial Bomarzo, 2019
Subjects:
Online Access:Acceso restringido

MARC

LEADER 00000nam a22000007a 4500
005 20200303210938.0
007 cr|||| ||||
008 200303s2019 es |||||s|||| 00||0 spa d
020 |a 978-84-17310-84-4 
035 |a 31057 
040 |a vLex 
090 |c 10156  |d 10156 
100 1 |a Alfonso Mellado, Carlos Luis 
245 1 0 |a Negociacin̤ colectiva y empleo pb︢lico  |h [Recurso electrn̤ico] /  |c Carlos Luis Alfonso Mellado 
256 |a Servicio en ln̕ea 
260 |a Albacete:  |b Editorial Bomarzo,  |c 2019 
300 |a 1 recurso electrn̤ico 
500 |a La presente obra aborda los aspectos esenciales de la situacin̤ y problemas que plantea el derecho de negocin̤ colectiva de los empleados pb︢licos. Se analizan los problemas que plantea la funcin̤ actual de este derecho, el impacto de las polt̕icas de ajuste, las cuestiones relativas al procedimiento y contenido de la negocin̤, as ̕como las relativas a la interpretacin̤ e impugnacin̤ de los pactos y acuerdos. La obra contiene como apoyo la cita de numerosas sentencias y un apňdice bibliogrf̀ico de obras recientes que permiten profundizar en las cuestiones analizadas. 
506 1 |a Disponible solo en los productos indicados  |d vLex Global  |d vLex Global (Academic Edition, excluding Law Schools)  |d vLex Global (U.S. Academic Edition, Law Schools)  |d vLex Global (U.S. Academic Edition, excluding Law Schools)  |d vLex Global (Academic Edition, Law Schools) 
650 0 4 |a Derecho Laboral y Seguridad Social  |z Espaą 
740 0 |a vLex Libros (Servicio en ln̕ea) 
856 4 0 |u http://vlex.com/source/negociacion-colectiva-y-empleo-publico-31057  |z Acceso restringido 
942 |c BOOK 
999 0 |a Labor law and social security